000 01059nac a22002411u 4500
008 100905t xxu||||| |||| 00| 0 eng d
010 _a 2003014052
020 _a1405114622 (pbk. : alk. paper)
082 0 0 _a624.0068
_bCAI
100 _aCain, Clive Thomas.
_917875
245 1 0 _aPerformance Measurement for Construction Profitability /
_cClive Thomas Cain.
260 _aMalden, MA :
_bBlackwell Pub.,
_c2004.
300 _ax, 214 p. :
_bill. ;
_c25 cm.
500 _aCompanion volume to Building down barriers. New York : Spon Press, 2003.
500 _aIncludes index.
650 0 _aBuilding
_xQuality control.
_917876
650 0 _aBuilding
_xSuperintendence.
_917877
650 0 _aConstruction industry.
_917878
700 1 _aCain, Clive Thomas.
_917879
856 4 1 _3Table of contents
_uhttp://www.loc.gov/catdir/toc/ecip045/2003014052.html
942 _cBB
_k624.0068CAI
_2ddc
999 _c2876
_d2876